Performance comparison of linear controllers for voltage dip mitigation using dynamic voltage restorer / (Record no. 601768)

000 -LEADER
fixed length control field 00523nam a2200157Ia 4500
008 - FIXED-LENGTH DATA ELEMENTS--GENERAL INFORMATION
fixed length control field 230907s9999||||xx |||||||||||||| ||und||
082 ## - DEWEY DECIMAL CLASSIFICATION NUMBER
Classification number 621.3
Author Mark HAT
100 ## - MAIN ENTRY--PERSONAL NAME
Personal name Hatif Bin Abdul Majeed (00000118652)
245 #0 - TITLE STATEMENT
Title Performance comparison of linear controllers for voltage dip mitigation using dynamic voltage restorer /
264 ## - PRODUCTION, PUBLICATION, DISTRIBUTION, MANUFACTURE, AND COPYRIGHT NOTICE
Place of production, publication, distribution, manufacture Islamabad :
Name of producer, publisher, distributor, manufacturer USPCAS-E,
Date of production, publication, distribution, manufacture, or copyright notice 2018
300 ## - PHYSICAL DESCRIPTION
Extent 146 p.
520 ## - SUMMARY, ETC.
Summary, etc. TH-89
650 ## - SUBJECT ADDED ENTRY--TOPICAL TERM
Topical term or geographic name entry element MS-ESE Thesis MS Thesis
700 ## - ADDED ENTRY--PERSONAL NAME
Personal name Dr Hassan Abdullah Khalid
942 ## - ADDED ENTRY ELEMENTS (KOHA)
Koha item type Thesis
Source of classification or shelving scheme
Holdings
Withdrawn status Permanent Location Current Location Date acquired Full call number Barcode Koha item type
  US-Pakistan Center for Advanced Studies in Energy (USPCAS-E) US-Pakistan Center for Advanced Studies in Energy (USPCAS-E) 07/29/2019 621.3 HAT CAS-ETH0000089 Thesis
© 2023 Central Library, National University of Sciences and Technology. All Rights Reserved.